00365nam a2200121 a 4500008004100000020001500041050001500056100001500071245010100086260002600187300002100213350000900234120416s1971 xx |||||||||||||| || u a0713132412 aTA 405 Cas aCase, John10aStrength of materials and structures : an introduction to the mechanics of solids and structures abEdward Arnoldc1971 axii, 404p. : ill a0.00